Entry Personal Name
Number of records used in: 1
001 - CONTROL NUMBER
003 - CONTROL NUMBER IDENTIFIER
005 - DATE AND TIME OF LATEST TRANSACTION
- control field:
20231207160919.0
008 - FIXED-LENGTH DATA ELEMENTS
- fixed length control field:
140722n| azannaabn |n aaa
010 ## - LIBRARY OF CONGRESS CONTROL NUMBER
- LC control number:
n 2014209252
035 ## - SYSTEM CONTROL NUMBER
- System control number:
(OCoLC)oca09915576
040 ## - CATALOGING SOURCE
- Original cataloging agency:
DLC
- Language of cataloging:
eng
- Description conventions:
rda
- Transcribing agency:
DLC
- Modifying agency:
IEN
100 1# - HEADING--PERSONAL NAME
- Personal name:
Pavithran, K. S.
372 ## - FIELD OF ACTIVITY
- Field of activity:
Political science
- Source of term:
lcsh
373 ## - ASSOCIATED GROUP
- Associated group:
University of Calicut. Kunjali Marakkar Centre for West Asian Studies
- Source of term:
naf
374 ## - OCCUPATION
- Occupation:
Political science teachers
- Source of term:
lcsh
375 ## - GENDER
377 ## - ASSOCIATED LANGUAGE
670 ## - SOURCE DATA FOUND
- Source citation:
Foreign Policy and Maritime Security of India, 2013:
- Information found:
t.p. (K.S. Pavithran, Professor of political science and head, K.M. Centre for West Asian Studies and Indian Ocean Studies, University of Calicut, Kerala)